Echeverría y su pensamiento educativo.

שמור ב:
מידע ביבליוגרפי
מחבר ראשי: Acevedo Cárdenas, Conrado (autor)
פורמט: ספר
שפה:ספרדית
נושאים:
תגים: הוספת תג
אין תגיות, היה/י הראשונ/ה לתייג את הרשומה!

MARC

LEADER 00000nam^a2200000^u^4500
001 000514046
005 20250521000000.0
008 100813s1000^^^^^^^^^^^^r^^^^^000^0^spa^d
009 20260310130244.736
035 |a FCE 000058258 
037 |a Acervo ITESO - Biblioteca 
041 |a spa 
082 0 4 |a 370.972  |b ACEe 
100 |a Acevedo Cárdenas, Conrado  |e (autor) 
245 1 0 |a Echeverría y su pensamiento educativo. 
264 |a México:  |b Libros de México,  |c 1974. 
300 |a 198 p. 
336 |a texto  |b txt  |2 rdacontenido 
337 |a sin mediación  |b n  |2 rdamedio 
338 |a volumen  |b nc  |2 rdasoporte 
649 |a XX 
650 |a Humanismo 
650 |a Recursos humanos 
650 |a Juventud 
650 |a Tecnología 
650 |a Servicio social 
650 |a Maestros 
650 |a Reforma educativa 
650 |a Doctrinas pedagógicas 
650 |a Política educativa 
650 |a Enseñanza de la historia 
910 |a Fondo Centro de Estudios Educativos 
920 |a Impresos - Libros 
930 |a Fondos Especiales 
905 |a 133 
901 |a ALE068655  |b IT2  |c CEE  |u 20250521 
902 |a https://opac.biblio.iteso.mx/vufind/Record/000514046